| 000 | 00593nam a2200193 a 4500 | ||
|---|---|---|---|
| 005 | 20140310183142.0 | ||
| 008 | 020819s19uu xx 00 eng d | ||
| 050 |
_aHF 5549.5.R3 _b.Sw815 1999 |
||
| 100 | _aSwanson, Richard | ||
| 245 |
_aResults : _cRichard Swanson. _bhow to assess performance learning & perceptions in organizations / |
||
| 250 | _a1st ed. | ||
| 260 |
_aSan Francisco : _bBerrett-Koehler, _c1999. |
||
| 300 |
_a281 p. : _bill. ; _c25 cm. |
||
| 521 | _aBSBA | ||
| 650 | _aEmployees rating of | ||
| 650 | _aPerformance standards | ||
| 942 |
_cBK _2lcc _kFOR |
||
| 999 |
_c19434 _d19434 |
||